ARRUPE JESUIT UNIVERSITY

CORONAVIRUS -STOP THE SPREAD - CLEAN,DISINFECT,COVER

Participation et causalite (Record no. 120766)

MARC details
000 -LEADER
fixed length control field 00324nam a22001097a 4500
008 - FIXED-LENGTH DATA ELEMENTS--GENERAL INFORMATION
fixed length control field 140728b xxu||||| |||| 00| 0 eng d
050 ## - LIBRARY OF CONGRESS CALL NUMBER
Classification number B765.T54F2 1961
100 ## - MAIN ENTRY--PERSONAL NAME
Personal name Daquin, S Thomas
9 (RLIN) 11010
245 ## - TITLE STATEMENT
Title Participation et causalite
Statement of responsibility, etc Selon S. Thomas Daquin
260 ## - PUBLICATION, DISTRIBUTION, ETC. (IMPRINT)
Place of publication, distribution, etc lLouvain
Name of publisher, distributor, etc Univesitaires de louvain
Date of publication, distribution, etc 1961
Holdings
Withdrawn status Lost status Source of classification or shelving scheme Damaged status Koha normalized classification for sorting Not for loan Koha collection Location (home branch) Sublocation or collection (holding branch) Shelving location Date acquired Koha issues (times borrowed) Koha full call number Piece designation (barcode) Koha date last seen Koha date last borrowed Price effective from Koha item type
    Library of Congress Classification   B_00765_T54F2_1961   Main Collection ARRUPE LIBRARY ARRUPE LIBRARY Main Collection 28/07/2014 2 B765.T54F2 1961 46003006844 03/09/2014 03/09/2014 28/07/2014 Monograph ( Printed materials)

 

Arrupe Library. PO Box MP320 Mt Pleasant, Harare, Zimbabwe
263 242 745411|librarian@aju.ac.zw